| 000 | 00383nam a2200157Ia 4500 | ||
|---|---|---|---|
| 008 | 230917s9999||||xx |||||||||||||| ||und|| | ||
| 020 | _cGBP0.5 | ||
| 040 |
_e49191 _aMAIN |
||
| 041 | _aEnglish | ||
| 082 | _a823.8 B439G | ||
| 100 | _aBennett, Arnold | ||
| 245 | 0 | _aGrim smile of the five towns | |
| 260 |
_aHarmondsworth _bPenguin Books _c1975 |
||
| 300 | _a191 p. | ||
| 942 | _cBK | ||
| 999 |
_c191277 _d191277 |
||